Best Picture - Bechdel Test Quiz Stats

 Plays Quiz not verified by Sporcle

Score 0/34 Timer 05:00
1 Play Today
% Correct
Chicago
82.2%
The Sound of Music
78.9%
American Beauty
78.1%
Gone With the Wind
77.9%
All About Eve
77.1%
Titanic
74.7%
West Side Story
70.2%
Annie Hall
69.8%
Crash
68.3%
Million Dollar Baby
68.2%
Shakespeare in Love
68.2%
Birdman or (The Unexpected Virtue of Ignorance)
67%
My Fair Lady
66.1%
The Silence of the Lambs
64.3%
Terms of Endearment
63.5%
The English Patient
63%
Rebecca
62.4%
% Correct
12 Years a Slave
62%
The King's Speech
57.9%
Mrs. Miniver
57.1%
Out of Africa
55.6%
Grand Hotel
50.8%
From Here to Eternity
49.5%
Argo
45.8%
Schindler's List
45.5%
The Apartment
42%
The Godfather Part II
39.8%
The Great Ziegfeld
37.8%
No Country for Old Men
26.7%
Marty
26.5%
Amadeus
26.3%
The Last Emperor
25.6%
Ben-Hur
24.6%
Tom Jones
23.4%

You're not logged in!

Compare scores with friends on all Sporcle quizzes.
OR
Log In

Show Comments

Extras

Top Quizzes Today


Score Distribution

Your Account Isn't Verified!

In order to create a playlist on Sporcle, you need to verify the email address you used during registration. Go to your Sporcle Settings to finish the process.

Report this User

Report this user for behavior that violates our Community Guidelines.

Details: